000 00367nam a2200157Ia 4500
008 151213s9999 xx 000 0 und d
100 _aH, Weihrich
245 _aManagement
_cH, Weihrich
250 _a11th
260 _aNew York
_bMc Grow Hill
_c2005
300 _a4266 p.
650 _aManagement
650 _aManagement
700 _aH, Weihrich
999 _c2690
_d2690